[Event "XXXVII Olimpiadi femminile"]
[Site "Torino ITA"]
[Date "2006.06.03"]
[Round "12.3"]
[White "Krivec, Jana"]
[Black "Pokorna, Regina"]
[Result "1/2-1/2"]
[WhiteElo "2323"]
[BlackElo "2338"]
[Annotator "SLO-SVK"]
[PlyCount "106"]
[EventDate "2006.05.21"]

1. e4 e5 2. Nc3 Nf6 3. Nf3 Nc6 4. d4 exd4 5. Nxd4 Bb4 6. Nxc6 bxc6 7. Bd3 d5 8.
exd5 cxd5 9. O-O O-O 10. Bg5 c6 11. Qf3 Be7 12. Rfe1 Re8 13. h3 h6 14. Bf4 Bd6
15. Rxe8+ Nxe8 16. Re1 Nf6 17. Ne2 Qe7 18. Bxd6 Qxd6 19. Ng3 g6 20. c4 Kg7 21.
cxd5 cxd5 22. Qe3 Bd7 23. Qd4 Rb8 24. Re2 a5 25. Ne4 Rb4 26. Qxf6+ Qxf6 27.
Nxf6 Kxf6 28. f3 Rd4 29. Re3 Be6 30. Kf2 Ke7 31. a3 Kd6 32. Ke1 f5 33. Be2 a4
34. Rc3 Bd7 35. Bf1 g5 36. Be2 h5 37. Re3 Rh4 38. Bf1 Rd4 39. Be2 Rf4 40. Rc3
Bc6 41. Rc2 g4 42. hxg4 hxg4 43. g3 Rd4 44. fxg4 fxg4 45. Rd2 Rxd2 46. Kxd2 Bd7
47. Bd1 Ke5 48. b3 axb3 49. Bxb3 Ke4 50. a4 Kf3 51. Bxd5+ Kxg3 52. a5 Bc8 53.
Kc3 Kf2 1/2-1/2

[Event "XXXVII Olimpiadi femminile"]
[Site "Torino ITA"]
[Date "2006.06.03"]
[Round "12.1"]
[White "Paehtz, Elisabeth"]
[Black "Medic, Mirjana"]
[Result "1-0"]
[WhiteElo "2438"]
[BlackElo "2239"]
[Annotator "GER-CRO"]
[PlyCount "83"]
[EventDate "2006.05.21"]

1. e4 e6 2. d4 d5 3. Nc3 Nf6 4. e5 Nfd7 5. f4 c5 6. Nce2 Nc6 7. Nf3 Qb6 8. c3
f6 9. a3 cxd4 10. cxd4 Be7 11. Nc3 a6 12. Bd3 Nf8 13. b4 f5 14. Be3 Qd8 15. O-O
Ng6 16. g3 O-O 17. Ra2 Bd7 18. h4 Be8 19. Ng5 Bxg5 20. hxg5 Na7 21. a4 Nc6 22.
Rb2 Rc8 23. Ne2 Nge7 24. Nc1 a5 25. b5 Nb4 26. Be2 Rc3 27. Kf2 Qc7 28. Bd2 Ra3
29. Rb3 Ra1 30. Rc3 Qb6 31. Rc5 Ra3 32. Bc3 Qa7 33. Rc7 Na2 34. Bb2 Nxc1 35.
Bxa3 Nxe2 36. Qxe2 Qxd4+ 37. Qe3 Qxa4 38. Bxe7 Rf7 39. Rfc1 d4 40. Qa3 Qxb5 41.
R7c5 Qb6 42. Rc8 1-0

[Event "XXXVII Olimpiadi femminile"]
[Site "Torino ITA"]
[Date "2006.06.03"]
[Round "12.2"]
[White "Macek, Vlasta"]
[Black "Kachiani-Gersinska, Ketino"]
[Result "0-1"]
[WhiteElo "2243"]
[BlackElo "2421"]
[Annotator "GER-CRO"]
[PlyCount "132"]
[EventDate "2006.05.21"]

1. d4 Nf6 2. c4 g6 3. Nc3 Bg7 4. Nf3 O-O 5. g3 d6 6. Bg2 Nc6 7. O-O a6 8. Bd2
Bd7 9. Rc1 h6 10. d5 Na5 11. b3 c5 12. Qe1 b5 13. Nd1 Nb7 14. Bc3 b4 15. Ba1
Re8 16. Nd2 Qc8 17. e4 e5 18. dxe6 Bxe6 19. Ne3 Nd8 20. f4 Nc6 21. Qf2 Nd4 22.
f5 Bd7 23. fxg6 fxg6 24. Bxd4 cxd4 25. Nd5 Nxd5 26. Qf7+ Kh7 27. Qxd5 Bc6 28.
Qxd6 Qb7 29. Qf4 a5 30. Qf3 a4 31. Qd3 axb3 32. axb3 Ra2 33. Rf2 Re7 34. Rcf1
Qa7 35. h4 Qc5 36. g4 h5 37. gxh5 Qxh5 38. Bf3 Qh6 39. Nb1 Rxf2 40. Rxf2 Qe3
41. Qd1 Bxe4 42. h5 Bxf3 43. hxg6+ Kxg6 44. Qxf3 Qxf3 45. Rxf3 Re1+ 46. Rf1 Re3
47. Nd2 Rd3 48. Ne4 Rxb3 49. Kf2 Kf5 50. Ng3+ Ke6 51. Re1+ Kd7 52. Nf5 Bf6 53.
Rd1 Rb2+ 54. Kf3 Kc6 55. Nxd4+ Bxd4 56. Rxd4 Kc5 57. Re4 Rd2 58. Ke3 Rd6 59.
Re8 Kxc4 60. Rc8+ Kb3 61. Ke2 Kb2 62. Ke1 b3 63. Ke2 Kb1 64. Ke1 Rd4 65. Ke2 b2
66. Ke3 Ra4 0-1

[Event "XXXVII Olimpiadi femminile"]
[Site "Torino ITA"]
[Date "2006.06.03"]
[Round "12.2"]
[White "Ciuksyte, Dagne"]
[Black "Paridar, Shadi"]
[Result "0-1"]
[WhiteElo "2423"]
[BlackElo "2210"]
[Annotator "IRI-LTU"]
[PlyCount "68"]
[EventDate "2006.05.21"]

1. e4 c5 2. Nf3 Nc6 3. d4 cxd4 4. Nxd4 Qc7 5. Nc3 e6 6. Be2 a6 7. O-O Nf6 8.
Be3 Bb4 9. Na4 O-O 10. c4 Bd6 11. g3 Nxe4 12. Bf3 f5 13. c5 Be5 14. Rc1 Nf6 15.
Nb6 Rb8 16. Rc4 Qd8 17. Qe2 Bc7 18. Rc2 d5 19. Nxc6 bxc6 20. Bf4 Ne4 21. Bxc7
Qxc7 22. Bxe4 fxe4 23. f3 exf3 24. Rxf3 Rxf3 25. Qxf3 e5 26. Rf2 Be6 27. b4 Rd8
28. Qd3 e4 29. Qd4 Bh3 30. a4 Qe7 31. Re2 Rf8 32. Rf2 e3 33. Rxf8+ Qxf8 34. Qf4
Qe8 0-1

[Event "XXXVII Olimpiadi femminile"]
[Site "Torino ITA"]
[Date "2006.06.03"]
[Round "12.3"]
[White "Ghaderpour Taleghani, Shayesteh"]
[Black "Daulyte, Deimante"]
[Result "1-0"]
[WhiteElo "2144"]
[BlackElo "2230"]
[Annotator "IRI-LTU"]
[PlyCount "89"]
[EventDate "2006.05.21"]

1. e4 c5 2. c3 d6 3. d4 Nf6 4. Bd3 g6 5. h3 Bg7 6. Nf3 O-O 7. O-O Nc6 8. d5 Ne5
9. Nxe5 dxe5 10. Be3 b6 11. Nd2 Nh5 12. Re1 e6 13. Bc4 exd5 14. Bxd5 Rb8 15.
Nf3 Qc7 16. Qe2 Nf6 17. c4 Nxd5 18. cxd5 f5 19. Bd2 fxe4 20. Ng5 Qd6 21. Qc4
Bf5 22. Nxe4 Bxe4 23. Qxe4 Rbd8 24. Bg5 Rd7 25. Rad1 b5 26. b3 Rc7 27. Rc1 Rf5
28. Be3 Bf8 29. Re2 Rff7 30. Rec2 Rfd7 31. Rxc5 Rxc5 32. Rxc5 Qa6 33. Qxe5 Bxc5
34. Qe8+ Bf8 35. Qxd7 b4 36. Qc6 Qd3 37. Qe6+ Kg7 38. Qe5+ Kg8 39. Bd4 Qd1+ 40.
Kh2 Bd6 41. Qxd6 Qxd4 42. Qe6+ Kf8 43. Kg3 h5 44. Qe3 Qxd5 45. Qf3+ 1-0

[Event "XXXVII Olimpiadi femminile"]
[Site "Torino ITA"]
[Date "2006.06.03"]
[Round "12.1"]
[White "Pavlovskaia, Evgenia"]
[Black "Klinova, Masha"]
[Result "1-0"]
[WhiteElo "2182"]
[BlackElo "2357"]
[Annotator "SWE-ISR"]
[PlyCount "83"]
[EventDate "2006.05.21"]

1. e4 d6 2. d4 Nf6 3. Nc3 g6 4. f4 Bg7 5. Nf3 O-O 6. Bd3 Nc6 7. O-O Bg4 8. Ne2
Nb4 9. Be3 Nxd3 10. cxd3 c6 11. Qd2 Bxf3 12. gxf3 e6 13. Rac1 Nh5 14. Ng3 Nf6
15. Rf2 Nd7 16. Rg2 Rc8 17. Kh1 f5 18. Qb4 c5 19. Qb3 cxd4 20. Qxe6+ Kh8 21.
Rxc8 Qxc8 22. Bg1 fxe4 23. fxe4 Nc5 24. Qxd6 Rd8 25. Qe7 Nxd3 26. Rc2 Nxf4 27.
Rxc8 Rxc8 28. Qd7 Rf8 29. Bxd4 Bxd4 30. Qxd4+ Kg8 31. Qxa7 Rd8 32. Kg1 h5 33.
Qb6 Rf8 34. Qb3+ Kg7 35. Qc3+ Kg8 36. Qc4+ Kg7 37. Ne2 Nh3+ 38. Kg2 Ng5 39. Qd5
Kh6 40. h4 Nf3 41. Kg3 Ne1 42. Qd2+ 1-0

[Event "XXXVII Olimpiadi femminile"]
[Site "Torino ITA"]
[Date "2006.06.03"]
[Round "12.2"]
[White "Borsuk, Angela"]
[Black "Jiretorn, Eva"]
[Result "1-0"]
[WhiteElo "2341"]
[BlackElo "2117"]
[Annotator "SWE-ISR"]
[PlyCount "97"]
[EventDate "2006.05.21"]

1. d4 d5 2. c4 c6 3. Nf3 Nf6 4. e3 Bf5 5. Nc3 a6 6. a4 a5 7. Qb3 Bc8 8. cxd5
Nxd5 9. Nxd5 Qxd5 10. Bc4 Qf5 11. O-O e6 12. e4 Qg6 13. Bd2 Be7 14. Rfe1 O-O
15. Ne5 Qf6 16. Re3 Bd6 17. Rg3 g6 18. Ng4 Qh4 19. Nh6+ Kg7 20. Bg5 Bxg3 21.
Bxh4 Bxh4 22. Ng4 h5 23. Ne5 Na6 24. Bxa6 Rxa6 25. Nc4 Be7 26. Nb6 Bb4 27. Nxc8
Rxc8 28. Qc4 Raa8 29. h3 Rd8 30. Rd1 Rd7 31. g4 hxg4 32. hxg4 Rad8 33. Kf1 Be7
34. Qc3 Bb4 35. Qc4 Be7 36. Ke2 Bf6 37. Qc3 Bxd4 38. Qxa5 c5 39. Qd2 Rh8 40.
Qf4 e5 41. Qg3 Re7 42. g5 Re6 43. b3 f6 44. Qg4 Rd6 45. Rd3 fxg5 46. Rf3 Rh4
47. Qc8 Rxe4+ 48. Kf1 g4 49. Qf8+ 1-0

[Event "XXXVII Olimpiadi femminile"]
[Site "Torino ITA"]
[Date "2006.06.03"]
[Round "12.3"]
[White "Andersson, Christin"]
[Black "Botvinnik, Irina"]
[Result "1/2-1/2"]
[WhiteElo "2170"]
[BlackElo "2211"]
[Annotator "SWE-ISR"]
[PlyCount "106"]
[EventDate "2006.05.21"]

1. e4 c5 2. c3 Qa5 3. Nf3 Nc6 4. Be2 Nf6 5. Qc2 d6 6. O-O e5 7. Na3 Be7 8. Nc4
Qc7 9. Ne3 Be6 10. d4 d5 11. exd5 Nxd5 12. Nxd5 Bxd5 13. dxe5 Nxe5 14. Bf4
Nxf3+ 15. Bxf3 Qxf4 16. Bxd5 O-O 17. Bxb7 Rab8 18. g3 Qg4 19. Bg2 Rfd8 20. b3
Bf6 21. Rac1 c4 22. Be4 cxb3 23. axb3 h5 24. c4 h4 25. Bd5 hxg3 26. hxg3 g6 27.
Kg2 Kg7 28. Bf3 Qg5 29. Rcd1 Bd4 30. Bd5 Bf6 31. Rh1 Rh8 32. Qd3 Qe5 33. Rde1
Qd6 34. Qe3 Qd7 35. Qf4 Rbf8 36. b4 Bc3 37. Rb1 Qe7 38. b5 Qf6 39. Qxf6+ Kxf6
40. Rhc1 Bd4 41. c5 Rh5 42. Bf3 Rxc5 43. Rd1 Rc4 44. Bc6 Bc5 45. Rb2 Rd4 46.
Rxd4 Bxd4 47. Re2 Rd8 48. f4 Rd6 49. g4 Re6 50. Rd2 Be3 51. Rd7 Re7 52. g5+ Ke6
53. Rxe7+ Kxe7 1/2-1/2

[Event "XXXVII Olimpiadi femminile"]
[Site "Torino ITA"]
[Date "2006.06.03"]
[Round "12.1"]
[White "Maeckelbergh, Mieke"]
[Black "Delai, Paula Fernanda"]
[Result "0-1"]
[WhiteElo "2026"]
[BlackElo "2042"]
[Annotator "IBCA-BRA"]
[PlyCount "56"]
[EventDate "2006.05.21"]

1. e4 c5 2. Nf3 Nc6 3. d4 cxd4 4. Nxd4 g6 5. Nc3 Bg7 6. Be3 Nf6 7. f3 O-O 8.
Bc4 d6 9. Qd2 Bd7 10. O-O-O Rc8 11. h4 Nxd4 12. Qxd4 Ng4 13. Bxf7+ Rxf7 14.
Qxa7 Nxe3 15. Qxe3 Qa5 16. Rd5 Qc7 17. Rhd1 Be6 18. R5d2 Be5 19. Ne2 Bxa2 20.
b3 Qa5 21. Rd5 Qa3+ 22. Kd2 Qb2 23. Qd3 e6 24. Ra5 Rfc7 25. Rc1 Bxb3 26. Qxb3
Qxb3 27. cxb3 Rxc1 28. Nxc1 Bc3+ 0-1

[Event "XXXVII Olimpiadi femminile"]
[Site "Torino ITA"]
[Date "2006.06.03"]
[Round "12.2"]
[White "Chaves, Joara"]
[Black "Stolarczyk, Anna"]
[Result "1-0"]
[WhiteElo "2035"]
[BlackElo "2036"]
[Annotator "IBCA-BRA"]
[PlyCount "87"]
[EventDate "2006.05.21"]

1. e4 c5 2. Nc3 Nc6 3. f4 g6 4. Nf3 Bg7 5. Bb5 Nd4 6. O-O Nxb5 7. Nxb5 d5 8. d3
a6 9. Nc3 Bxc3 10. bxc3 dxe4 11. dxe4 Qxd1 12. Rxd1 Nf6 13. Re1 b5 14. Ba3 Nd7
15. e5 e6 16. Rad1 Bb7 17. Ng5 Bd5 18. c4 Bxc4 19. Nxf7 Kxf7 20. Rxd7+ Ke8 21.
Rc7 Kd8 22. Rf7 Ke8 23. Rc7 Kd8 24. Rg7 b4 25. Rd1+ Kc8 26. Bc1 Bxa2 27. Rdd7
Bd5 28. Be3 Rd8 29. Rc7+ Kb8 30. Bxc5 Rc8 31. Ba7+ Rxa7 32. Rxc8+ Kxc8 33. Rxa7
Bc4 34. Rxh7 Kb8 35. Kf2 a5 36. Ke1 a4 37. Kd2 Bd5 38. g3 a3 39. Kc1 Be4 40.
Rd7 a2 41. Kb2 Bxc2 42. Kxa2 b3+ 43. Kb2 Kc8 44. Re7 1-0

[Event "XXXVII Olimpiadi femminile"]
[Site "Torino ITA"]
[Date "2006.06.03"]
[Round "12.3"]
[White "Debowska, Teresa"]
[Black "Chang, Suzana"]
[Result "0-1"]
[WhiteElo "2041"]
[BlackElo "2091"]
[Annotator "IBCA-BRA"]
[PlyCount "162"]
[EventDate "2006.05.21"]

1. e4 c6 2. d3 d5 3. Nd2 e5 4. g3 f5 5. exf5 Bxf5 6. Qh5+ g6 7. Qe2 Qe7 8. g4
Be6 9. h3 h5 10. Bg2 Nd7 11. gxh5 Rxh5 12. Ndf3 O-O-O 13. Bd2 Bh6 14. O-O-O Rf8
15. Kb1 Qf6 16. Bb4 Re8 17. Nh2 Bf4 18. Ng4 Qf7 19. a3 Nh6 20. Nxh6 Rxh6 21.
Nf3 Bf5 22. Bd2 Bxd2 23. Qxd2 Reh8 24. Rde1 Qg7 25. Ng5 Rh4 26. Nf3 R4h5 27.
Ng1 g5 28. Qe3 Kb8 29. Qg3 Ka8 30. f3 R5h7 31. Qf2 Qh6 32. d4 exd4 33. Qxd4 Qh4
34. Qxh4 gxh4 35. f4 Rg7 36. Bf3 Rg3 37. Bd1 Be4 38. Rh2 Rhg8 39. Ne2 a5 40.
Nd4 Nc5 41. Bg4 Rf8 42. b4 Na4 43. Ne6 Rf6 44. Ka2 Rc3 45. Ree2 Ka7 46. Rhf2
Rg3 47. f5 Nc3+ 48. Kb2 Nxe2 49. Rxe2 axb4 50. axb4 Bxf5 51. Bxf5 Rxf5 52. Nc5
Rf7 53. Rh2 Rf4 54. Nd3 Rxd3 55. cxd3 Rxb4+ 56. Kc3 Rf4 57. d4 Rf3+ 58. Kb4 b6
59. Ra2+ Kb7 60. Rg2 Rxh3 61. Rg7+ Ka6 62. Rh7 Rh1 63. Rh8 h3 64. Kc3 h2 65.
Kb2 Kb5 66. Rh4 Kc4 67. Ka2 Kc3 68. Rh3+ Kxd4 69. Rh4+ Kc5 70. Rh3 Kc4 71. Rh4+
d4 72. Kb2 c5 73. Ka2 b5 74. Kb2 b4 75. Rh3 Kb5 76. Ka2 c4 77. Rh5+ Ka4 78. Kb2
b3 79. Ra5+ Kxa5 80. Ka3 Ra1+ 81. Kb2 Ra2+ 0-1

[Event "XXXVII Olimpiadi femminile"]
[Site "Torino ITA"]
[Date "2006.06.03"]
[Round "12.1"]
[White "Nguyen, Thi Thanh An"]
[Black "Kopinits, Anna-Christina"]
[Result "1-0"]
[WhiteElo "2317"]
[BlackElo "2078"]
[Annotator "VIE-AUT"]
[PlyCount "85"]
[EventDate "2006.05.21"]

1. d4 Nf6 2. Nf3 e6 3. c4 c5 4. d5 d6 5. Nc3 e5 6. g3 g6 7. Bg2 Bg7 8. O-O O-O
9. h3 Nh5 10. e4 h6 11. Kh2 f5 12. Nh4 Qe8 13. Nb5 Rf6 14. Nc7 Qf7 15. Nxa8
fxe4 16. Nxg6 Qxg6 17. Nc7 Na6 18. Ne6 Nb4 19. Qg4 Qf7 20. Qxe4 Rxe6 21. dxe6
Bxe6 22. Qxb7 Qxb7 23. Bxb7 Bxc4 24. Be3 Nc2 25. Rfc1 Bd3 26. Rxc2 Bxc2 27. Rc1
Bd3 28. Bd5+ Kf8 29. Rc3 Bb5 30. Rb3 a6 31. a4 Bxa4 32. Rb6 Ke7 33. Rxa6 Bd7
34. Ra7 Nf6 35. Bc4 Kd8 36. Be6 Bf8 37. Ra8+ Ke7 38. Bc4 Bg7 39. g4 Ne8 40. Ra7
Kd8 41. Bd2 Bc6 42. Be6 Nf6 43. Rxg7 1-0

[Event "XXXVII Olimpiadi femminile"]
[Site "Torino ITA"]
[Date "2006.06.03"]
[Round "12.3"]
[White "Le, Thanh Tu"]
[Black "Horvath, Maria"]
[Result "1-0"]
[WhiteElo "2239"]
[BlackElo "2057"]
[Annotator "VIE-AUT"]
[PlyCount "71"]
[EventDate "2006.05.21"]

1. c4 e5 2. Nc3 Nf6 3. Nf3 Nc6 4. d4 exd4 5. Nxd4 Bb4 6. Bg5 h6 7. Bh4 g5 8.
Bg3 d6 9. Nxc6 bxc6 10. Rc1 c5 11. Qc2 Bb7 12. f3 Nh5 13. Bf2 Qf6 14. Qa4+ Kf8
15. e3 Re8 16. Be2 a6 17. O-O Bxc3 18. Rxc3 Nf4 19. Bd1 Ne6 20. Rb3 Rb8 21. Bc2
h5 22. Be4 Nd8 23. Be1 Qe7 24. Bxb7 Rxb7 25. Rb4 Rb5 26. Rxb5 Nb7 27. Qxa6 Nd8
28. Qa3 Rh6 29. Qd3 Kg8 30. a4 Re6 31. Bd2 Rg6 32. a5 Qd7 33. Ra1 g4 34. f4 Qc6
35. a6 h4 36. Qd5 1-0

[Event "XXXVII Olimpiadi femminile"]
[Site "Torino ITA"]
[Date "2006.06.03"]
[Round "12.2"]
[White "Cedikova, Katerina"]
[Black "Zigangirova, Sofya"]
[Result "1-0"]
[WhiteElo "2232"]
[BlackElo "2314"]
[Annotator "KAZ-CZE"]
[PlyCount "37"]
[EventDate "2006.05.21"]

1. d4 Nf6 2. c4 e6 3. Nf3 b6 4. g3 Ba6 5. Qa4 Bb7 6. Bg2 c5 7. dxc5 Bxc5 8. O-O
O-O 9. Nc3 d5 10. Rd1 Qc8 11. cxd5 Nxd5 12. Nxd5 Bxd5 13. b3 Nd7 14. Bb2 Be7
15. Rac1 Qb7 16. e4 b5 17. Qa5 Bd8 18. Qd2 Bc6 19. Qc3 1-0

[Event "XXXVII Olimpiadi femminile"]
[Site "Torino ITA"]
[Date "2006.06.03"]
[Round "12.3"]
[White "Dauletova, Gulmira"]
[Black "Blazkova, Petra"]
[Result "0-1"]
[WhiteElo "2144"]
[BlackElo "2242"]
[Annotator "KAZ-CZE"]
[PlyCount "108"]
[EventDate "2006.05.21"]

1. e4 e6 2. d4 d5 3. exd5 exd5 4. Bd3 Nc6 5. c3 Bd6 6. Nf3 Bg4 7. O-O Qd7 8.
Nbd2 Nge7 9. Qc2 O-O-O 10. Re1 Kb8 11. b4 Ng6 12. Bb2 Nf4 13. b5 Ne7 14. Ne5
Bxe5 15. Rxe5 Neg6 16. Re3 Nxd3 17. Qxd3 f5 18. a4 f4 19. Ree1 Bf5 20. Qf1 Nh4
21. Ba3 Rde8 22. f3 g5 23. Nb3 g4 24. Qf2 Qd8 25. fxg4 Be4 26. Nc5 Qg5 27. h3
Bxg2 28. Kh2 Be4 29. Rxe4 dxe4 30. Rf1 e3 31. Qxf4 Qxf4+ 32. Rxf4 e2 33. Nd3
e1=Q 34. Nxe1 Rxe1 35. Kg3 Ng6 36. Rf3 Rhe8 37. h4 R1e3 38. h5 Rxf3+ 39. Kxf3
Ne7 40. c4 Kc8 41. Kf4 Kd7 42. g5 Rf8+ 43. Ke4 Rf1 44. a5 Ra1 45. Bb4 Ra4 46.
Bxe7 Kxe7 47. h6 Kf7 48. Kd5 Rxa5 49. g6+ hxg6 50. h7 Kg7 51. Ke6 Ra4 52. Kd5
g5 53. c5 g4 54. c6 bxc6+ 0-1

[Event "XXXVII Olimpiadi femminile"]
[Site "Torino ITA"]
[Date "2006.06.03"]
[Round "12.1"]
[White "Hernandez Guerrero, Yadira"]
[Black "Marrero Lopez, Yaniet"]
[Result "0-1"]
[WhiteElo "2225"]
[BlackElo "2269"]
[Annotator "MEX-CUB"]
[PlyCount "72"]
[EventDate "2006.05.21"]

1. Nf3 d5 2. b3 Bg4 3. Bb2 Nd7 4. e3 e6 5. Be2 Ngf6 6. O-O h6 7. Ne5 Nxe5 8.
Bxe5 Bxe2 9. Qxe2 Bd6 10. f4 O-O 11. Nc3 a6 12. Nd1 Bxe5 13. fxe5 Nd7 14. d4 f6
15. exf6 Rxf6 16. Nf2 e5 17. Ng4 Rxf1+ 18. Rxf1 Qe7 19. Qf3 Qe6 20. c4 dxc4 21.
d5 Qg6 22. bxc4 Rf8 23. Qe2 Rxf1+ 24. Kxf1 Qb1+ 25. Qe1 Qxa2 26. Qb4 h5 27. Nf2
Nb6 28. Qe7 Qxc4+ 29. Ke1 Qc3+ 30. Ke2 Qxe3+ 31. Kf1 Qc1+ 32. Ke2 Qc2+ 33. Ke1
Qb1+ 34. Kd2 Nc4+ 35. Kc3 Qc1+ 36. Kb3 Nd2+ 0-1

[Event "XXXVII Olimpiadi femminile"]
[Site "Torino ITA"]
[Date "2006.06.03"]
[Round "12.2"]
[White "Perez Rodriguez, Jennifer"]
[Black "Guerrero Rodriguez, Alejandra"]
[Result "1-0"]
[WhiteElo "2263"]
[BlackElo "2157"]
[Annotator "MEX-CUB"]
[PlyCount "75"]
[EventDate "2006.05.21"]

1. e4 g6 2. d4 Bg7 3. Nf3 d6 4. Nc3 Nf6 5. Be2 O-O 6. O-O Bg4 7. h3 Bxf3 8.
Bxf3 c6 9. a4 a5 10. Re1 e5 11. Be3 Qe7 12. Qe2 Nbd7 13. g3 Rfd8 14. Rad1 Nf8
15. dxe5 dxe5 16. Rxd8 Rxd8 17. Qc4 Ne6 18. Rd1 Nd7 19. Bg4 Nd4 20. Rd2 Nb6 21.
Qa2 h5 22. Bd1 Qb4 23. Nb1 Qc4 24. b3 Qe6 25. c3 Qxh3 26. cxd4 exd4 27. Bf4 Re8
28. Bf3 Nd7 29. Bg2 Qg4 30. Qc2 c5 31. Na3 g5 32. f3 Qe6 33. Bxg5 Qg6 34. Bf4
Be5 35. Bxe5 Nxe5 36. f4 Nd7 37. Qd3 Qg4 38. Qf3 1-0

[Event "XXXVII Olimpiadi femminile"]
[Site "Torino ITA"]
[Date "2006.06.03"]
[Round "12.2"]
[White "Yanjindulam, Dulamsuren"]
[Black "Morales Mendoza, Luciana"]
[Result "1-0"]
[WhiteElo "2162"]
[BlackElo "2154"]
[Annotator "PER-MGL"]
[PlyCount "183"]
[EventDate "2006.05.21"]

1. e4 e6 2. d4 d5 3. Nd2 Nf6 4. e5 Nfd7 5. f4 c5 6. c3 Nc6 7. Ndf3 cxd4 8. cxd4
Qb6 9. g3 Be7 10. Bh3 O-O 11. Ne2 f6 12. Bxe6+ Kh8 13. exf6 Nxf6 14. Bxc8 Raxc8
15. O-O Ne4 16. Qd3 Bf6 17. Bd2 Rfe8 18. Bc3 Nd6 19. Kh1 Nb4 20. Bxb4 Qxb4 21.
b3 a5 22. Ne5 a4 23. Rfc1 Ne4 24. Kg2 a3 25. Rc2 Rxc2 26. Qxc2 Nd6 27. Rc1 h6
28. Qd3 Rc8 29. Rxc8+ Nxc8 30. Qc3 Qxc3 31. Nxc3 Ne7 32. Nb5 Nc6 33. Kf3 Nb4
34. Nc3 Kg8 35. h4 h5 36. Ke3 Bd8 37. Nd7 Kf7 38. Nc5 b6 39. Nd7 Ke6 40. Ne5
Nc2+ 41. Kd3 Nb4+ 42. Kd2 Bf6 43. Nb5 Nxa2 44. Nc7+ Kd6 45. Nb5+ Ke6 46. Nxa3
Kf5 47. Ke3 Nc1 48. Nb5 Ke6 49. b4 Na2 50. Nd3 g6 51. Kd2 Be7 52. Nc7+ Kd6 53.
Na6 Kc6 54. Kc2 Kb5 55. Kb3 Kxa6 56. Kxa2 Bf6 57. Ne5 Kb7 58. Kb3 Kc7 59. Kc3
Kd6 60. Nxg6 Ke6 61. Kd3 Kf5 62. Ne5 b5 63. Ke3 Be7 64. Nc6 Bd6 65. Kf3 Bf8 66.
Na7 Bxb4 67. Nxb5 Ba5 68. Na3 Bc3 69. Nc2 Kg6 70. Ne3 Bxd4 71. Nxd5 Bc5 72. g4
hxg4+ 73. Kxg4 Bf8 74. Nc7 Bd6 75. f5+ Kh6 76. Ne6 Be5 77. Nf8 Kg7 78. Nd7 Bd4
79. Kf4 Bc3 80. Ne5 Kh6 81. f6 Kh5 82. f7 Bb4 83. Kf5 Kxh4 84. Kg6 Bd6 85. Kf6
Kh5 86. Ng6 Bb4 87. Ne7 Bc3+ 88. Ke6 Bg7 89. Nf5 Bf8 90. Kd7 Kg6 91. Ke8 Bc5
92. Ne7+ 1-0

[Event "XXXVII Olimpiadi femminile"]
[Site "Torino ITA"]
[Date "2006.06.03"]
[Round "12.3"]
[White "Aliaga Fernandez, Ingrid Yadira"]
[Black "Bayaraa, Zorigt"]
[Result "0-1"]
[WhiteElo "2019"]
[BlackElo "2102"]
[Annotator "PER-MGL"]
[PlyCount "87"]
[EventDate "2006.05.21"]

1. e4 c5 2. Nf3 d6 3. d4 cxd4 4. Nxd4 Nf6 5. Nc3 g6 6. Be3 Bg7 7. Be2 O-O 8.
O-O Nc6 9. h3 Bd7 10. Qd2 Rc8 11. f4 a6 12. a4 Qc7 13. Nb3 Na5 14. Rad1 Nxb3
15. cxb3 Bc6 16. Bd3 b5 17. Rc1 Qb7 18. Bd4 b4 19. Nd5 Bxd5 20. exd5 Qxd5 21.
Bxf6 Bxf6 22. Qe2 a5 23. Bc4 Qd4+ 24. Kh1 Qxb2 25. Rc2 Qd4 26. Rd2 Qb6 27. f5
Kg7 28. Rd3 Rc5 29. Qe4 Re5 30. Qg4 Qc5 31. fxg6 hxg6 32. Rfd1 Qf2 33. Rf3 Re1+
34. Rxe1 Qxe1+ 35. Rf1 Qe5 36. Rd1 e6 37. Qf3 Rd8 38. Rf1 d5 39. Bd3 Rc8 40.
Qd1 Rc3 41. Be2 Be7 42. Rf3 Bd6 43. Kg1 Qh2+ 44. Kf1 0-1

[Event "XXXVII Olimpiadi femminile"]
[Site "Torino ITA"]
[Date "2006.06.03"]
[Round "12.1"]
[White "Fierro Baquero, Martha Lorena"]
[Black "Geldyeva, Mekhri"]
[Result "1-0"]
[WhiteElo "2294"]
[BlackElo "2274"]
[Annotator "ECU-TKM"]
[PlyCount "105"]
[EventDate "2006.05.21"]

1. e4 c5 2. Nf3 e6 3. d3 Nc6 4. g3 d6 5. Bg2 Be7 6. O-O Nf6 7. Re1 O-O 8. c3
Qc7 9. d4 e5 10. h3 b5 11. Na3 Rb8 12. Nc2 Bb7 13. d5 Nd8 14. Nh2 Nd7 15. b3 f5
16. exf5 Rxf5 17. Ng4 Rf8 18. Nce3 Bc8 19. Be4 Nf6 20. Nxf6+ Bxf6 21. Ng4 Qe7
22. Kg2 Bg5 23. f4 Bf6 24. fxe5 Bxe5 25. Nxe5 dxe5 26. Be3 Nb7 27. Qc2 h6 28.
Rf1 Bd7 29. c4 a6 30. Qe2 Rbc8 31. Rxf8+ Rxf8 32. Rf1 bxc4 33. bxc4 Rxf1 34.
Qxf1 Qd8 35. Bg6 Be8 36. Bb1 Qb6 37. Qf5 Nd6 38. Qh7+ Kf8 39. Bf2 Nxc4 40. Qc2
Qb4 41. a3 Qb5 42. Ba2 Nd6 43. Bxc5 Ke7 44. Bb4 Qb6 45. Qf5 Bf7 46. Qxe5+ Kd7
47. Bb3 Qc7 48. Ba4+ Nb5 49. Qf5+ Kd8 50. d6 Nxd6 51. Bxd6 Qxd6 52. Qxf7 Qd2+
53. Qf2 1-0

[Event "XXXVII Olimpiadi femminile"]
[Site "Torino ITA"]
[Date "2006.06.03"]
[Round "12.2"]
[White "Hallaeva, Bahar"]
[Black "Moncayo Romero, Evelyn"]
[Result "1-0"]
[WhiteElo "2135"]
[BlackElo "2261"]
[Annotator "ECU-TKM"]
[PlyCount "139"]
[EventDate "2006.05.21"]

1. e4 c5 2. c3 d6 3. d4 cxd4 4. cxd4 Nf6 5. Nc3 e6 6. Nf3 Be7 7. Bd3 Nc6 8. O-O
O-O 9. Qe2 e5 10. d5 Nb8 11. h3 Nbd7 12. Be3 b6 13. b4 Ne8 14. Rfc1 h6 15. a3
Kh7 16. Qd2 Rg8 17. Rc2 a6 18. Rac1 g6 19. Ne2 Bf8 20. Ng3 Bg7 21. Qe2 Bb7 22.
Nd2 Bf6 23. Qf3 Rf8 24. Nc4 Bg5 25. Nf1 Kg7 26. Qg4 Bxe3 27. Nfxe3 h5 28. Qd1
Qg5 29. Rc3 Kh8 30. Qc2 Qe7 31. Nd2 Qd8 32. Ndf1 Ng7 33. Qd2 Rb8 34. Nc4 Qf6
35. Qh6+ Kg8 36. Ng3 Rbc8 37. Qe3 Rb8 38. Bb1 Ba8 39. Qd2 Rfc8 40. Ne3 Qd8 41.
Rxc8 Rxc8 42. Rxc8 Qxc8 43. Qc2 Qxc2 44. Bxc2 b5 45. f3 Nb6 46. Kf2 Bb7 47. Ne2
g5 48. Nc3 Bc8 49. a4 bxa4 50. Nxa4 Nxa4 51. Bxa4 Kf8 52. Nc4 Ke7 53. Nb6 Bb7
54. g4 hxg4 55. hxg4 Kd8 56. Ke3 Ne8 57. Nc4 Ba8 58. Bxe8 Kxe8 59. Nxd6+ Ke7
60. Nc4 f6 61. Na5 Kd7 62. Kd3 Kc7 63. Kc3 Kd7 64. Nb3 Kd6 65. Nc5 a5 66. Kc4
a4 67. Nxa4 Bb7 68. Nc5 Bc8 69. Kb5 Kc7 70. Ka5 1-0

[Event "XXXVII Olimpiadi femminile"]
[Site "Torino ITA"]
[Date "2006.06.03"]
[Round "12.3"]
[White "Vasquez Ramirez, Rocio"]
[Black "Ovezova, Maisa"]
[Result "1-0"]
[WhiteElo "2252"]
[BlackElo "2137"]
[Annotator "ECU-TKM"]
[PlyCount "59"]
[EventDate "2006.05.21"]

1. e4 d5 2. exd5 Qxd5 3. d4 c6 4. Nf3 Bg4 5. Be2 e6 6. Bf4 Qa5+ 7. c3 Nd7 8. h3
Bh5 9. Nbd2 Nb6 10. Bc7 Qd5 11. O-O Be7 12. a4 Bd8 13. Bh2 a5 14. g4 Bg6 15.
Ne5 Bc7 16. f4 Ne7 17. Ndf3 Qd8 18. c4 Nd7 19. Qb3 Rb8 20. Rad1 Nf6 21. Nxg6
hxg6 22. Ne5 Bb6 23. Kg2 Nd7 24. Nxd7 Kxd7 25. d5 exd5 26. cxd5 Nxd5 27. Rxd5+
cxd5 28. Bb5+ Ke7 29. Qa3+ Kf6 30. g5+ 1-0

[Event "XXXVII Olimpiadi femminile"]
[Site "Torino ITA"]
[Date "2006.06.03"]
[Round "12.1"]
[White "Lujan, Carolina Maria"]
[Black "Atalik Polovnikova, Ekaterina"]
[Result "1/2-1/2"]
[WhiteElo "2378"]
[BlackElo "2393"]
[Annotator "ARG-TUR"]
[PlyCount "144"]
[EventDate "2006.05.21"]

1. e4 e5 2. Nf3 Nc6 3. Bb5 a6 4. Ba4 Nf6 5. O-O Nxe4 6. Bxc6 dxc6 7. d4 Nf6 8.
dxe5 Qd6 9. Qd4 Qxd4 10. Rd1 Ne4 11. Re1 Nc5 12. Nc3 Bg4 13. Nxd4 O-O-O 14. Be3
Ne6 15. Nxe6 Bxe6 16. Bg5 Re8 17. Re2 h6 18. Bf4 g5 19. Bg3 Bg7 20. Rae1 Bc4
21. Re3 h5 22. h4 gxh4 23. Bxh4 Bh6 24. Rf3 Rhg8 25. b3 Bd2 26. Re4 Be6 27. Nb1
Bg5 28. Bxg5 Rxg5 29. c4 Reg8 30. g3 Bf5 31. Re1 h4 32. Kg2 hxg3 33. Rxg3 Rxg3+
34. fxg3 Bxb1 35. Rxb1 Kd7 36. Kf3 Ke6 37. Rd1 Rg5 38. Rd8 Rxe5 39. Re8+ Kd6
40. Rd8+ Ke7 41. Rc8 Kd7 42. Rf8 Ke7 43. Rc8 Kd7 44. Rf8 Rf5+ 45. Ke3 c5 46. g4
Rf1 47. g5 Rf5 48. Ke4 Rxg5 49. Rxf7+ Kd6 50. Rf6+ Ke7 51. Rh6 b6 52. Rh2 Rg3
53. Rc2 Ke6 54. Kf4 Rd3 55. Ke4 Rd1 56. Ke3 Kd6 57. Rh2 a5 58. Rh6+ Kd7 59. Rh2
Kc6 60. Rg2 Kb7 61. Ke2 Rd4 62. a4 Rd7 63. Rg6 c6 64. Rg5 Kc7 65. Rh5 Rg7 66.
Kd2 Rg2+ 67. Kc3 Rg3+ 68. Kc2 Re3 69. Rh7+ Kc8 70. Rh8+ Kd7 71. Rh7+ Re7 72.
Rh6 Re6 1/2-1/2